Aprendizaje del lenguaje escrito
Guardat en:
| Autor principal: | |
|---|---|
| Format: | Llibre |
| Idioma: | espanyol |
| Publicat: |
Barcelona
Anthropos
1993
|
| Col·lecció: | Autores, Textos y Temas Pedagogía, 2
|
| Matèries: | |
| Etiquetes: |
Afegir etiqueta
Sense etiquetes, Sigues el primer a etiquetar aquest registre!
|
MARC
| LEADER | 00000nam a2200000 a 4500 | ||
|---|---|---|---|
| 001 | UCY5564 | ||
| 003 | CL-VaPUC | ||
| 008 | 950511e19930000SP |||||||||||||||||spa|d | ||
| 082 | 0 | 4 | |a 372.41 |b TOL |2 21 |
| 100 | 0 | |a Tolchinsky Landsmann, Liliana |e author |9 334465 | |
| 245 | 1 | 0 | |a Aprendizaje del lenguaje escrito |
| 246 | 1 | 0 | |a Procesos evolutivos e implicaciones didácticas |
| 300 | |a 344 p | ||
| 942 | |c BK | ||
| 945 | |d 19950511 00:00:00 |a rbrito | ||
| 260 | |a Barcelona |b Anthropos |c 1993 | ||
| 650 | 0 | |a Escritura |9 264941 | |
| 650 | 0 | |a Enseñanza de la escritura |9 307377 | |
| 650 | 7 | |a ESCRITURA PARA NIÑOS |2 CL-VaPUC |9 334466 | |
| 583 | |a last modification |c 20150520 13:57:57 |k Rodrigo Vera | ||
| 490 | 0 | |a Autores, Textos y Temas Pedagogía, 2 | |
| 999 | |c 233205 |d 233203 | ||
| 952 | |0 0 |1 0 |4 0 |6 372_410000000000000_TOL_1993 |7 0 |8 A |9 238529 |a BIBEDU |b BIBEDU |c ES_NOD |d 2019-11-18 |i 3494187 |o 372.41 TOL 1993 |p 3494187 |r 2023-08-09 |w 2019-11-18 |y BK |k BME | ||
| 952 | |0 0 |1 0 |4 0 |6 372_410000000000000_TOL_1993 |7 0 |8 A |9 238530 |a FDOPOS |b FDOPOS |d 2019-11-18 |i 3690997 |o 372.41 TOL 1993 |p 3690997 |r 2025-01-22 |w 2019-11-18 |y BK |k MLA | ||